000 01273nam0a2200337 4500
001 RU\NLR\bibl\1243314
005 20250615121838.0
010 _a978-5-89846-706-7
_9200
021 _aRU
_b2008-32549
_91791
035 _a(NLR Aleph) 001229482
090 _a189266
_c189266
100 _a20080620d2007 |||y0rusy50 ca
101 0 _arus
102 _aRU
105 _aa |||||||||
200 1 _aО ценностях коренной Югры
_eстатьи, исследования, размышления
_fТатьяна Гоголева
210 _aХанты-Мансийск
_cПолиграфист
_d2007
215 _a48, [1] с.
_cцв. ил., портр.
_d21
320 _aБиблиогр. в подстроч. прим.
606 1 _aМанси
_xЭтнографические исследования
_92073987
_3RU\NLR\auth\661248948
606 1 _aОбско-угорские языки
_91735549
_3RU\NLR\auth\66776106
686 _aТ52(251.1=Ха2)
686 _aШ166.51,0
700 1 _aГоголева
_bТ. С.
_gТатьяна Степановна
_4070
801 0 _aRU
_bNLR
_c20080620
_gRCR
801 1 _aRU
_bNLR
_c20080620
830 _aавт. по кн.
830 _aАвт. по кн.
942 _cBOOK
980 _aNB